Analysis
Αποθηκεύτηκε σε:
| Κύριος συγγραφέας: | |
|---|---|
| Άλλοι συγγραφείς: | |
| Μορφή: | Βιβλίο |
| Γλώσσα: | English |
| Δημοσίευση: |
Providence, R.I. :
American Mathematical Society,
c1997
|
| Σειρά: | Graduate studies in mathematics ;
; 14 |
| Θέματα: | |
| Ετικέτες: |
Προσθήκη ετικέτας
Δεν υπάρχουν, Καταχωρήστε ετικέτα πρώτοι!
|
MARC
| LEADER | 00000nam a2200000 i 4500 | ||
|---|---|---|---|
| 001 | 1/80373 | ||
| 008 | 990507s1997 eng d | ||
| 020 | |a 0-8218-0632-7 | ||
| 035 | |l 10050617 | ||
| 040 | |a GR-MY-UA |b gre |e aacr | ||
| 041 | 0 | |a eng | |
| 082 | 0 | |a 515 | |
| 100 | 1 | |a Lieb, Elliott H. | |
| 245 | 1 | 0 | |a Analysis / |c Elliott H. Lieb, Michael Loss |
| 260 | |a Providence, R.I. : |b American Mathematical Society, |c c1997 | ||
| 300 | |a xviii, 278 p.; |c 27 cm. | ||
| 490 | 1 | |a Graduate studies in mathematics |v ; 14 | |
| 500 | |a Includes bibliographical references and index | ||
| 650 | 0 | 0 | |a Mathematical analysis. |
| 700 | 1 | |a Loss, Michael |d 1954- | |
| 830 | 0 | |a Graduate studies in mathematics ; |v ; 14 | |
| 852 | |a INST |b SAMOS |e 19990507 |h 515 LIE |p 005300012649 |q 005300012649 |t BK |y 0 | ||
| 901 | |a BIBL3-1999-2 | ||
| 909 | |a Σ |b 063177 | ||
| 922 | |a 3ΕΛΗ |b 199904 |c ΕΠΕΑΕΚ/ΜΑΘ |d GLORY | ||